| 000 | 00635nam a2200229Ia 4500 | ||
|---|---|---|---|
| 003 | OSt | ||
| 005 | 20221005130440.0 | ||
| 006 | a|||||r|||| 00| 0 | ||
| 007 | ta | ||
| 008 | 221004b |||||||| |||| 00| 0 eng d | ||
| 024 | _a71007 | ||
| 037 | _cTextual | ||
| 040 |
_aCRL _cCRL _beng |
||
| 041 |
_2eng _aeng |
||
| 082 | _aY1:45221-2.2.M, A | ||
| 100 |
_aSleeman Major _9638158 |
||
| 245 | 0 | _aReport on the depredations committed by the thug Gangs of Upper and Central India, etc. | |
| 260 | _c1870 | ||
| 650 | _aSOCIOLOGY | ||
| 942 |
_hY1:45221-2.2.M, A _cTEXL _2cc |
||
| 999 |
_c1057269 _d1057269 |
||